Digital integration of older adults in Europe Linking skills, ehealth use and growth patterns

Bibliográfiai részletek
Szerző: Kovács Erika
Dokumentumtípus: Cikk
Megjelent: Budapesti Gazdaságtudományi Egyetem 2026
Sorozat:Prosperitas early access online
Tárgyszavak:
doi:10.31570/prosp_2026_0181

Kulcsszavak:Digital health
e-health
Ageing
digital inclusion
digital skills
health policy
health inequalities
European Union
Online Access:http://publikaciotar.uni-bge.hu/2654

MARC

LEADER 00000nab a2200000 i 4500
001 publ2654
005 20260415113640.0
008 260415s2026 hu o 000 zxx d
022 |a 2786-4359 (Online) 
024 |a 10.31570/prosp_2026_0181  |2 doi 
040 |a BGE Publikációtár Repozitórium  |b hun 
100 1 |a Kovács Erika 
245 1 0 |a Digital integration of older adults in Europe  |b Linking skills, ehealth use and growth patterns  |c Kovács Erika  |h [elektronikus dokumentum] 
260 |a Budapesti Gazdaságtudományi Egyetem  |c 2026 
300 |a 15 
490 0 |a Prosperitas  |v early access online 
650 4 |a szociológiai tudományok 
695 |a Digital health 
695 |a e-health 
695 |a Ageing 
695 |a digital inclusion 
695 |a digital skills 
695 |a health policy 
695 |a health inequalities 
695 |a European Union 
856 4 0 |u https://publikaciotar.uni-bge.hu/id/eprint/2654/1/digital-integration-of-older-adults-in-europe-linking-skills-e-health-use-and-growth-patterns-277.pdf  |z Dokumentum-elérés